00255nam a2200085Ia 4500008004100000100002100041245005800062260004100120300000800161201217s9999 xx 000 0 und d aBarrett, William 0aTime of need:Forms of imagination in the 20th century aMiddletonbWesleyan University Press a401